• 首页
  • 本馆介绍
  • 公告通知
  • 最新文献
  • 馆藏检索
  • 电子资源
  • 读者导购
  • 参考咨询
  • 我的图书馆
  • 登录
  • 详细信息显示
  • 放入我的书架
  • 预约/预借图书
  • 作者相关作品
  • 分类相关作品
  • 丛书相关作品
  • 出版社相关作品

书目信息

  • 表格格式
  • 工作单格式
  • 卡片格式
题名:
无效的医疗
    
 
作者: 布勒克 著 ;穆易 译
分册:  
出版信息: 北京   北京师范大学出版社  2007
页数: 175页
开本: 24cm
丛书名:
单 册:
中图分类: R199.1
科图分类:
主题词: 医疗保健事业--研究--世界 , 医疗保健事业
电子资源:
ISBN: 978-7-303-08538-5
000 01165nam0 2200289 45
001 1029851441
005 20100429093420.59
010    @a978-7-303-08538-5@dCNY26.00
100    @a20100419d2007 em y0chiy50 ea
101 1  @achi@cger
102    @aCN@b110000
105    @ay z 000yy
106    @ar
200 1  @a无效的医疗@AWu Xiao De Yi Liao@dHeillose medizin@e手术刀下的谎言和药瓶里的欺骗@EShou Shu Dao Xia De Huang Yan He Yao Ping Li De Qi Pian@f(德)尤格·布莱克(Jorg Blech)著@F( De ) You Ge· Bu Lai Ke (Jorg Blech) Zhu@g穆易译@zeng
210    @a北京@c北京师范大学出版社@d2007
215    @a175页@d24cm
305    @aS. Fischer Verlag授权出版
330    @a本书运用了大量的事实和案例告诉我们,今天的人们正在接受着很多无效甚至有害的药物和手术,并无意否定现代医疗的进步。
510 1  @aHeillose medizin@zeng
517 1  @a手术刀下的谎言和药瓶里的欺骗@AShou Shu Dao Xia De Huang Yan He Yao Ping Li De Qi Pian
606 0  @a医疗保健事业@x研究@y世界
606 0  @a医疗保健事业
690    @aR199.1@v4
701  1 @a布勒克@ABu Le Ke@g(Blech, Jorg)@4著
702  0 @a穆易@AMu Yi@4译
801  0 @aCN@bTANGWEI@c20100429
905    @b0593098-102@dR199.1@e191@f5
    
    无效的医疗=Heillose medizin:手术刀下的谎言和药瓶里的欺骗/(德)尤格·布莱克(Jorg Blech)著/穆易译.-北京:北京师范大学出版社,2007
    175页;24cm
    
    
    ISBN 978-7-303-08538-5:CNY26.00
    本书运用了大量的事实和案例告诉我们,今天的人们正在接受着很多无效甚至有害的药物和手术,并无意否定现代医疗的进步。
●
相关链接 在E读中查询图书 在五车中查询图书 在当当中查询图书 在豆瓣中查询图书


正题名:无效的医疗     索取号:R199.1/191         预约/预借

序号 登录号 条形码 馆藏地/架位号 状态 备注
1 0593098   205930983   第二样本阅览室/ [索取号:R199.1/191] 在馆    
2 0593099   205930992   第三借阅区/ [索取号:R199.1/191] 在馆    
3 0593100   205931009   第三借阅区/ [索取号:R199.1/191] 在馆    
4 0593101   205931018   第三借阅区/ [索取号:R199.1/191] 在馆    
5 0593102   205931027   密集书库-生命科学系/ [索取号:R199.1/191] 在馆    
唐山师范学院图书馆 欢迎您!
大连网信软件有限公司© 版权所有